000 00548nam a2200181Ia 4500
008 090123s9999 xx 000 0 und d
082 _b4723
100 _aइनामदार हे.वि.
245 _aसंत नामदेव
250 _a1
260 _bकेसरी मुद्रणालय
_c1977
300 _a302
600 _aइनामदार हे.वि.
630 _aसंत नामदेव
700 _aइनामदार हे.वि.
730 _aसंत नामदेव
942 _cBOOK
999 _c42798
_d42798